| 000 | 00638nam a2200205 a 4500 | ||
|---|---|---|---|
| 005 | 20250905063955.0 | ||
| 008 | 030516s1996 mx r 000 0 spa d | ||
| 020 | _a9688431443 | ||
| 035 | _aUPN01000124284 | ||
| 049 | _aCE | ||
| 050 | 4 |
_aH85 _bA5.8 |
|
| 245 | 0 | 0 |
_aAnuario '94 : _bestudios sociales / _cLuis Fuentes Aguilar ... [et al.]. |
| 260 |
_aPuebla : _bEl Colegio de Puebla : _bClaves Latinoamericanas, _c1996. |
||
| 300 | _a364 p. | ||
| 650 | 4 |
_aCiencias sociales _xInvestigación _97497 |
|
| 650 | 2 |
_aEstudios sociales _919652 |
|
| 650 | 4 |
_aCiencias sociales _99133 |
|
| 700 | 1 |
_aFuentes Aguilar, Luis, _ecoaut. |
|
| 905 | _aLibro | ||
| 999 |
_c96463 _d96463 |
||